Statistics for Teenage Mutant Ninja Turtles

Click here to take the quiz!

General Stats

  • This quiz has been taken 79 times
  • The average score is 25 of 56

Answer Stats

HintAnswer% Correct
Who is the leader of the team? Wears blue mask.Leo
98%
Donnie's crush. The turtles psychic friend.April O'Neil
95%
Who is the hot-head of the team? Wears red mask.Raph
93%
Who is the braniac of the team? Wears purple mask.Donnie
91%
Who is the silly pizza lover of the team? Wears orange mask.Mikey
91%
The leader of the foot clan.Shredder
91%
Who is the father of the turtles?Splinter
86%
Race of aliens who wants to enslave humans.Kraang
84%
Hockey vigilante that teams up with the turtles.Casey Jones
81%
Rhinoceros who worked for Shredder.Rocksteady
81%
Warthog who worked for Shredder. The above's partner.Bebop
74%
Tiger assassin who works for Shredder.Tiger Claw
72%
Fish mutant who worked for Shredder. The above's partner.Fishface
67%
Splinter's daughter. Leo has a crush on her.Karai
65%
Crocodile that is apart of the Mighty Mutanimals.Leatherhead
65%
Leader of the Mighty Mutanimals.Slash
58%
Skater gecko of the Mighty Mutanimals.Mondo Gecko
53%
Robot Donnie built.Metal head
51%
Pigeon that loves bread and was apart of the Mighty Mutanimals.Pigeon Pete
51%
Teenage Mutant Ninja Turtles can be abbreviated (shortened into letters. ex: also know as can be shortened into aka) to be what?TMNT
49%
Bigfoot showed up in one episode. True or False.True
49%
Raph's girlfriend.Mona Lisa
47%
What the Kraang use to mutate people.Mutagen
47%
Raph's weapon.Sais
44%
Monkey genius of the Mighty Mutanimals.Dr. Rockwell
42%
Mikey's weapon.Nunchucks
42%
Alien dinosaurs that try to destroy Earth using the "The Black Hole Generator" (aka "The Heart of Darkness"Triceratons
42%
Donnie's weapon.Bo Staff
40%
Utrom that helps the turtles.Bishop
37%
Robot that helps the turtles during their space journeys.Fugitoid
37%
Wolf/Dog mutant that worked for Shredder.Rhazar
37%
Raph's space turtle pet.Chompy Picasso
35%
Leo's weapon.Katanas
33%
What the above turned into after his mutation.Mutagen Man
30%
Witch that teams up with Karai in the later episodes. (Mikey has a crush on her)Shinigammi
30%
Turtle fan that got mutated due to his own stupidity.Timothy
30%
Leader of the Demodragons.Kavaxas
28%
Erma's Kraang name. (Like theres Kraang Prime, etc.)Kraang Subprime
28%
One of the first mutants ever seen in the show. (After the turtles and Splinter)Snakeweed
26%
Trash garbage mutant that sometimes is considered to be in the Mighty Mutanimals.Muckman
23%
Evil bug who tried to kill the turtles during their space adventures.Lord Dregg
21%
Weird almost genie-like bender of reality.Wyrm
21%
Space shark assassin hired by the above to kill the turtles.Armaggon
19%
April's dad. He get's mutated into a bat at one point.Kirby O'Neil
19%
Frog mutant that Mikey befriended.Napoleon Bonafrog
19%
Mutant that turned Raph into a plant.The Creep
19%
The above's mother.Tokka
19%
Deaf swordsman that was killed by Kavaxas at the end of the episode "Forgotten Swordsman".Tatsu
16%
Rabbit Ninja tasked with guarding the Golden Boy.Usagi Yojimbo
16%
Person that hates mutants. Donnie once tried to kill him.Don Vizioso
14%
The above's partner.Sal Commander
14%
Mutant that Mikey named "Turducken"Chimera
12%
The Golden Boy.Kintaro
12%
At the season 2 finally, the turtles escape to April's barn house after the Kraang invade New York. In the first few episodes a chicken gets a hold of some mutagen and becomes a genius. What is it's name? (It helped power the hot rod Casey drived later on)Dr. Cluckingsworth M.D.
7%
Evil demon who tries to kill the Golden Boy.Jay
7%
Ghost that was defeated by Splinter in the episode "End Times"Ho Chan
5%

Score Distribution

Percentile by Number Answered

Percent of People with Each Score

Your Score History

You have not taken this quiz